| 000 | 00726nam a22002177a 4500 | ||
|---|---|---|---|
| 005 | 20251108172828.0 | ||
| 008 | 250721s2003 xx 000 0 ara d | ||
| 082 | 1 | 4 | _a956.4053/انت |
| 245 | 1 | 0 | _aإنتفاضة الأقصى 2000 - قصص دامية و حكايات الشهداء / |
| 264 | 1 |
_aعمان : _bدار الجليل للنشر، _c2003. |
|
| 300 | _a298 ص. | ||
| 490 | 0 | _aوثيقة ؛ الكتاب الخامس | |
| 650 | 1 | 7 | _aتاريخ فلسطين |
| 650 | 1 | 7 | _aالإنتفاضة الفلسطينية 1987-/ |
| 650 | 1 | 7 | _aالشهداء |
| 650 | 1 | 7 | _aالمجازر البشرية |
| 650 | 1 | 7 | _aإسرائيل |
| 650 | 1 | 7 | _aالاحتلال العسكري |
| 942 |
_2ddc _cBK |
||
| 999 |
_c89481 _d89481 |
||